Global economic prospects technology diffusion in the developing world
Na minha lista:
| Formato: | Livro |
|---|---|
| Idioma: | inglês |
| Publicado em: |
Washington, D.C.
<The> World Bank
2008
|
| Assuntos: | |
| Tags: |
Sem tags, seja o primeiro a adicionar uma tag!
|
MARC
| LEADER | 00000nam$a2200000$$$4500 | ||
|---|---|---|---|
| 001 | 0072854 | ||
| 005 | 20240315115323.4 | ||
| 020 | |a 978-0-8213-7365-1 | ||
| 022 | |a 1014-8906 | ||
| 041 | 0 | |a eng | |
| 044 | |a US | ||
| 245 | 1 | 0 | |a Global economic prospects |b technology diffusion in the developing world |
| 264 | 1 | |a Washington, D.C. |b <The> World Bank |c 2008 | |
| 300 | |a 201 s. | ||
| 610 | 2 | 0 | |a krajiny rozvojové |
| 610 | 2 | 0 | |a pokrok technologický |
| 610 | 2 | 0 | |a ukazovatele |
| 610 | 2 | 0 | |a redukcia chudoby |
| 610 | 2 | 0 | |a globalizácia hospodárstva |
| 610 | 2 | 0 | |a integrácia ekonomická |
| 610 | 2 | 0 | |a rast hospodársky |
| 610 | 2 | 0 | |a úroveň životná |
| 610 | 2 | 0 | |a trh finančný |
| 610 | 2 | 0 | |a obchod svetový |
| 610 | 2 | 0 | |a inflácia |
| 610 | 2 | 0 | |a kríza banková |
| 610 | 2 | 0 | |a recesia |
| 610 | 2 | 0 | |a prognózy hospodárske |
| 610 | 2 | 0 | |a regióny ekonomické |
| 610 | 2 | 0 | |a Ázia |
| 610 | 2 | 0 | |a Tichomorie |
| 610 | 2 | 0 | |a Európa |
| 610 | 2 | 0 | |a Latinská Amerika |
| 610 | 2 | 0 | |a Karibská oblasť |
| 610 | 2 | 0 | |a Afrika |